[Event "IND-ch U15"]
[Site "Sangli"]
[Date "2023.11.26"]
[Round "6"]
[White "Mayank, Santosh Hedau"]
[Black "Iyer, Aarav"]
[Result "0-1"]
[WhiteElo "1418"]
[BlackElo "1480"]
[PlyCount "96"]
[EventDate "2023.11.25"]
[EventType "swiss"]
[EventRounds "8"]
[EventCountry "IND"]
[SourceTitle "EXT 2025"]
[Source "ChessBase"]
[SourceDate "2024.10.14"]
[SourceVersion "1"]
[SourceVersionDate "2024.10.14"]
[SourceQuality "1"]

1. e4 e5 2. Nf3 Nc6 3. Bb5 a6 4. Ba4 Nf6 5. 0-0 b5 6. Bb3 Bc5 7. Nxe5 Nxe5 8. d4 Qe7 9. Bg5 h6 10. dxe5 hxg5 11. exf6 Qe5 12. h3 gxf6 13. Qd5 Qxd5 14. exd5 d6 15. Nd2 f5 16. a4 Bd7 17. axb5 Bxb5 18. c4 Bd7 19. Ba4 Rb8 20. Nb3 Bb6 21. Bxd7+ Kxd7 22. Rxa6 g4 23. Ra3 Rbg8 24. Kh1 f4 25. Nd2 f5 26. b4 Bd4 27. Rd3 Be5 28. c5 f3 29. Nc4 f4 30. gxf3 Rxh3+ 31. Kg2 Rgh8 32. Rg1 Rh2+ 33. Kf1 g3 34. fxg3 Ra8 35. Ra3 Rxa3 36. Nxa3 fxg3 37. Nc4 Rf2+ 38. Ke1 Bc3+ 39. Kd1 g2 40. Ne3 Bd4 41. c6+ Ke8 42. Rxg2 Bxe3 43. Rg7 Bb6 44. Rg3 Kf7 45. Ke1 Rb2 46. Rg4 Rxb4 47. Re4 Rxe4+ 48. fxe4 Kf6 0-1